| 000 | 00559nam a22002177a 4500 | ||
|---|---|---|---|
| 999 |
_c6899 _d6899 |
||
| 001 | 6899 | ||
| 003 | BD-JhCC | ||
| 005 | 20180303173656.0 | ||
| 008 | 180131b xxu||||| |||| 00| 0 eng d | ||
| 035 | _a(BD-JhCC)6899 | ||
| 040 |
_aBD-JhCC _dBD-JhCC |
||
| 041 | _aeng | ||
| 082 |
_a821.7 _bWOR 1956 |
||
| 100 | _aWordsworth, William | ||
| 245 |
_aThe Prelude or growth of a poet's Mind / _cWilliam Wordsworth |
||
| 260 |
_aLondon : _bOxford University perss, _c1956. |
||
| 300 |
_a327 p. : _c20cm. |
||
| 650 | _aPoems | ||
| 942 |
_2ddc _cBK |
||